| 000 | 00748cab a2200265 4500 | ||
|---|---|---|---|
| 001 | ABS57879 | ||
| 008 | 090401t1997 xxu||||| |||| 00| 0 eng d | ||
| 035 | _a(Sirsi) u82315 | ||
| 041 | _aeng | ||
| 100 | _aBurberry, P. | ||
| 245 | _aIgnore `embodied energy` at your peril | ||
| 260 | _c1997 | ||
| 350 | _a0 | ||
| 490 |
_aCampus Construction _vNovember 1997, 4-5(2) |
||
| 520 | _aReport on the use of fuel in the construction and operation of buildings. Table. | ||
| 650 | _aBUILDINGS | ||
| 650 | _aCONSTRUCTION PROCESS | ||
| 650 | _aEMBODIED ENERGY | ||
| 650 | _aENERGY CONSUMPTION | ||
| 650 | _aENERGY USE | ||
| 650 | _aFUEL CONSUMPTION | ||
| 690 | _aBUILT ENVIRONMENT-BUILDING MATERIALS | ||
| 942 | _n0 | ||
| 948 | _c25/11/1997 | ||
| 999 |
_c51949 _d51949 |
||